| 000 | 01720cam a2200325 i 4500 | ||
|---|---|---|---|
| 001 | 20487365 | ||
| 003 | OSt | ||
| 005 | 20240829134844.0 | ||
| 008 | 180508s2017 gh 001 0 eng | ||
| 010 | _a 2017321564 | ||
| 020 |
_z9789964632541 _q(paperback) |
||
| 040 |
_aDLC _beng _cLC _erda |
||
| 042 |
_apcc _alcode |
||
| 043 | _af-gh--- | ||
| 050 | 0 | 0 | _aKRX3570.M32 |
| 100 | 1 |
_aMarful-Sau, Samuel, _91887 |
|
| 245 | 1 | 2 |
_aA practical guide to civil procedure in Ghana. / _cSamuel Marful-Sau. |
| 246 | 3 | 0 | _aCivil procedure |
| 264 | 1 |
_aAccra: _bAdwinsa Publications (GH) Ltd., _c2017. |
|
| 300 |
_axxviii, 235 p. ; _c22 cm |
||
| 336 |
_atext _btxt _2rdacontent |
||
| 337 |
_aunmediated _bn _2rdamedia |
||
| 338 |
_avolume _bnc _2rdacarrier |
||
| 500 | _aIncludes index. | ||
| 505 | _aContents: The structure of courts in Ghana -- What is civil procedure -- Commencement of a civil action -- Appearance - order 9 of CI 47 -- Pleadings - order 11 of CI 47 -- Amendments - order 16 -- Joinder of causes of action and parties -- Admissions, discontinuance, discovery & inspection and interrogatories -- Affidavits, applications, summary judgement and application for directions -- Trials - orders 33,34, 36 and 38 of CI 47 as amended by CI 87 -- Enforcement of judgments - Appeals - Probate and administration of estate - order 66 -- Matrimonial causes - order 65 of CI 47 -- Application for judicial review and third party proceedings -- Adjudication of election disputes -- Application of witness statements in civil proceedings -- | ||
| 650 | 0 |
_aCivil procedure _zGhana. _91888 |
|
| 906 |
_a7 _bcbc _corigode _d2 _encip _f20 _gy-gencatlg |
||
| 942 |
_2lcc _cBK |
||
| 999 |
_c9845 _d17345 |
||